Groups of Five - Statistics

General Stats
  • This quiz has been taken 44 times
    41 since last reset
  • The average score is 29 of 60
Answer Stats
Group Name Answer % Correct
Mathematical Constants in Euler's identity π
95%
Mathematical Constants in Euler's identity i
92%
Elements starting with H Helium
90%
Fingers Thumb
90%
Elements starting with H Hydrogen
87%
Fingers Index / Pointer
85%
Fingers Middle
85%
Fingers Ring
85%
Fingers Pinky
82%
Sports in Wii Sports Tennis
82%
Colors in Magic: The Gathering Black
79%
Mathematical Constants in Euler's identity e
79%
Founding Avengers (Comics) Bruce Banner / Hulk
77%
Great Apes Gorilla
77%
Founding Avengers (Comics) Tony Stark / Iron Man
77%
Animals that are called bears but aren't Koala Bear
74%
Colors in Magic: The Gathering Red
74%
Colors in Magic: The Gathering Blue
72%
Great Apes Chimpanzee
72%
Colors in Magic: The Gathering Green
72%
Great Apes Orangutan
72%
Founding Avengers (Comics) Thor
69%
Colors in Magic: The Gathering White
69%
Sports in Wii Sports Bowling
64%
Sports in Wii Sports Golf
62%
Sports in Wii Sports Baseball
56%
First 5 Categories in this Quiz, Alphabetically Colors in Magic: The Gathering
56%
First 5 Categories in this Quiz, Alphabetically Elements starting with H
56%
First 5 Categories in this Quiz, Alphabetically Animals that are called bears but aren't
54%
First 5 Categories in this Quiz, Alphabetically Fingers
54%
Great Apes Bonobo
49%
Sports in Wii Sports Boxing
49%
Great Apes Human
44%
First 5 Categories in this Quiz, Alphabetically First 5 Categories in this Quiz, Alphabetically
38%
People Known as "The Fifth Beatle" Pete Best
36%
Mathematical Constants in Euler's identity 1
33%
Elements starting with H Hafnium
33%
Animals that are called bears but aren't Red Panda
33%
Founding Avengers (Comics) Hank Pym / Ant-Man
28%
Ninjas in Ninjago Lloyd
28%
Ninjas in Ninjago Cole
26%
Ninjas in Ninjago Jay
26%
Parts of a Five-number Summary Minimum
26%
Mathematical Constants in Euler's identity 0
23%
Ninjas in Ninjago Kai
23%
Parts of a Five-number Summary Maximum
23%
Ninjas in Ninjago Zane
23%
People Known as "The Fifth Beatle" George Martin
21%
Elements starting with H Hassium
18%
Elements starting with H Holmium
18%
Founding Avengers (Comics) Janet van Dyne / Wasp
18%
Animals that are called bears but aren't Tardigrade / Water Bear
15%
People Known as "The Fifth Beatle" Brian Epstein
13%
Parts of a Five-number Summary Median
13%
People Known as "The Fifth Beatle" Stuart Sutcliffe
10%
People Known as "The Fifth Beatle" Billy Preston
5%
Animals that are called bears but aren't Binturong / Bearcat
5%
Parts of a Five-number Summary First Quartile
3%
Animals that are called bears but aren't Kinkajou / Honey Bear
3%
Parts of a Five-number Summary Third Quartile
3%
No matching quizzes found
Score Distribution
Percent of People with Each Score
Percentile by Number Answered
Your Score History
You have not taken this quiz since the last reset